| 000 | 00472nam a2200157Ia 4500 | ||
|---|---|---|---|
| 008 | 210716s2007 xx 000 0 und d | ||
| 020 | _a9788181287427 | ||
| 041 | _aeng | ||
| 082 | _a006.312 RUAD | ||
| 100 | _aRuan, Da;Chen, Guoqing;Kerre, Etienne;Wets, Geert. | ||
| 245 |
_aIntelligent data mining: techniques and applications. _bTechniques and applications. |
||
| 250 | _a1 | ||
| 260 |
_aNew Delhi _bSpringer _c2007 |
||
| 300 | _aix,517 | ||
| 650 | _aData Warehousing | ||
| 999 |
_c190391 _d190391 |
||